000
00214nam a2200085Ia 4500
008
120527s9999 xx 000 0 und d
100
_a
Wyoming, H. Jackson
245
_a
Economy policy for the information
942
_c
BK
999
_c
27163
_d
27163